Cities in Florida by picture - Statistics

General Stats
  • This quiz has been taken 22 times
  • The average score is 7 of 16
Answer Stats
Picture Answer % Correct
Miami
100%
Jacksonville
88%
Tampa
88%
Orlando
82%
Fort Lauderdale
59%
St Augustine
59%
St Petersburg
59%
Tallahassee
59%
Destin
24%
Clearwater
18%
Fort Myers
18%
West Palm Beach
12%
Ocala
6%
Coral Springs
0%
Miramar
0%
Pompano Beach
0%
No matching quizzes found
Score Distribution
Percent of People with Each Score
Percentile by Number Answered
Your Score History
You have not taken this quiz